000 00807cam a2200253 4500
008 000000n1999 000 0 eng u
020 _a011271062X
035 _a(Sirsi) u103206
041 _aeng
050 _a725.54
110 _aDepartment for Education and Employment
_92846
245 _aAccess for disabled people to school buildings: management and design guide.
260 _aLondon
_bStationery Office
_c1999
300 _a88p ; 30cm.
350 _a14.95
490 _aDfEE Building Bulletin
_v91
650 _aSCHOOLS
650 _aEDUCATIONAL BUILDINGS
650 _aDISABILITY DISCRIMINATION ACT 1995
650 _aDISABLED PEOPLE
650 _aMANAGEMENT-BUSINESS MANAGEMENT-DISCRIMINATION-DISABILITY DISCRIMINATION-ACCESSIBILITY
690 _aBUILT ENVIRONMENT
942 _n0
999 _c100096
_d100096